00561nam a22001697a 4500003000500000005001700005008004100022010001000063011001000073035001000083040000900093100002000102245014300122500008500265650002200350650001900372CHAP20220329141614.0971013s r 00010 d a70891 a71863 a81417 cCHAP00aGade, Herman G. aInforme sobre las condiciones hidrográficas en el golfo de Cariaco, para el período que empieza en mayo y termina en noviembre de 1960 aSobretiro de: Boletín del Instituto Oceanográfico. Venezuela 1(1):3-29, 196114aGolfo de Cariaco.14aHidrografía.